书目信息 |
| 题名: |
空间站运营任务规划
|
|
| 作者: | 罗亚中 , 张进 , 朱阅訸 著 | |
| 分册: | ||
| 出版信息: | 北京 国防工业出版社 2020.5 |
|
| 页数: | 20,283页 | |
| 开本: | 24cm | |
| 丛书名: | ||
| 单 册: | ||
| 中图分类: | V476.1 | |
| 科图分类: | ||
| 主题词: | 星际站--研究 | |
| 电子资源: | ||
| ISBN: | 978-7-118-12003-5 | |
| 000 | 01225nam0 2200289 45 | |
| 001 | 012001001292 | |
| 005 | 20140913135126.0 | |
| 010 | @a978-7-118-12003-5@b精装@dCNY120.00 | |
| 100 | @a20200923d2020 em y0chiy50 ea | |
| 101 | 0 | @achi@eeng |
| 102 | @aCN@b110000 | |
| 105 | @aa z 000yy | |
| 106 | @ar | |
| 200 | 1 | @a空间站运营任务规划@Akong jian zhan yun ying ren wu gui hua@b专著@dSpace station operation mission planning@f罗亚中,张进,朱阅訸著@zeng |
| 210 | @a北京@c国防工业出版社@d2020.5 | |
| 215 | @a20,283页@c图@d24cm | |
| 300 | @a国防科技图书出版基金 | |
| 300 | @a并列题名:Space station operation mission planning | |
| 330 | @a本书共分为9章:第1章概述空间站发展历程,介绍空间站运营任务规划概念,并对其技术发展概况进行评述;第2章介绍空间站轨道设计与相关机动规划方法;第3章介绍空间站姿态机动规划方法;第4章和第5章阐述空间站总体层任务规划方法;第6章和第7章阐述任务层规划方法;第8章和第9章阐述执行层规划方法。 | |
| 510 | 1 | @aSpace station operation mission planning@zeng |
| 606 | 0 | @a星际站@x研究 |
| 690 | @aV476.1@v5 | |
| 701 | 0 | @a罗亚中@Aluo ya zhong@4著 |
| 701 | 0 | @a张进@Azhang jin@4著 |
| 701 | 0 | @a朱阅訸@Azhu yue he@4著 |
| 801 | 0 | @aCN@bBJSDL@c20211011 |
| 905 | @b1333801-4@dV476.1@e70@f4 | |
| 空间站运营任务规划=Space station operation mission planning/罗亚中,张进,朱阅訸著.-北京:国防工业出版社,2020.5 |
| 20,283页:图;24cm |
| 国防科技图书出版基金.-并列题名:Space station operation mission planning |
| ISBN 978-7-118-12003-5(精装):CNY120.00 |
| 本书共分为9章:第1章概述空间站发展历程,介绍空间站运营任务规划概念,并对其技术发展概况进行评述;第2章介绍空间站轨道设计与相关机动规划方法;第3章介绍空间站姿态机动规划方法;第4章和第5章阐述空间站总体层任务规划方法;第6章和第7章阐述任务层规划方法;第8章和第9章阐述执行层规划方法。 |
| ● |
| 相关链接 |
|
|
|
|
正题名:空间站运营任务规划
索取号:V476.1/70
 
预约/预借
| 序号 | 登录号 | 条形码 | 馆藏地/架位号 | 状态 | 备注 |
| 1 | 1333801 | 213338011 | 第二样本阅览室/ [索取号:V476.1/70] | 在馆 | |
| 2 | 1333802 | 213338020 | 第三借阅区/ [索取号:V476.1/70] | 在馆 | |
| 3 | 1333803 | 213338039 | 第三借阅区/ [索取号:V476.1/70] | 在馆 | |
| 4 | 1333804 | 213338048 | 第三借阅区/ [索取号:V476.1/70] | 在馆 |